|
|
|
|
| LEADER |
00000nam2a2200000 4500 |
| 001 |
209218 |
| 005 |
20231101225524.0 |
| 010 |
|
|
|a 9785397011648
|
| 035 |
|
|
|a (RuTPU)RU\TPU\book\228541
|
| 090 |
|
|
|a 209218
|
| 100 |
|
|
|a 20120210d2011 k y0rusy50 ca
|
| 101 |
0 |
|
|a rus
|
| 102 |
|
|
|a RU
|
| 105 |
|
|
|a y z 001zy
|
| 200 |
0 |
|
|a Ч. 2: Разомкнутые сети массового обслуживания
|
| 210 |
|
|
|d 2011
|
| 215 |
|
|
|a 407 с.
|
| 320 |
|
|
|a Библиогр.: с. 399-407.
|
| 330 |
|
|
|a Настоящая книга представляет собой вторую часть монографии "Теория нестационарных моментов марковских сетей", в которой предпринята попытка разработки основ нестационарной теории марковских сетей массового обслуживания. Во второй части рассматриваются разомкнутые марковские сети массового обслуживания. Производится обобщение полученных результатов для РСеМО в следующих направлениях: 1) с возможностью обхода узлов требованиями; 2) "нетерпеливых" требований; 3) "нетерпеливых" требований с возможностью обхода ими узлов; 4) требований разных классов с изменением класса при переходе из одного узла в другой узел. Книга будет полезна научным работникам, исследователям-практикам, аспирантам и студентам старших курсов в области математики, информатики, экономики и различных областей техники.
|
| 461 |
|
1 |
|0 (RuTPU)RU\TPU\book\233370
|t Теория нестационарных моментов марковских сетей
|o в 2 ч.
|f В. А. Ивницкий
|v Ч. 2: Разомкнутые сети массового обслуживания
|d 2010-2011
|
| 606 |
1 |
|
|a Массового обслуживания теория
|2 stltpush
|3 (RuTPU)RU\TPU\subj\41145
|9 60962
|
| 610 |
1 |
|
|a сети массового обслуживания
|
| 610 |
1 |
|
|a разомкнутые сети
|
| 610 |
1 |
|
|a нестационарные моменты
|
| 610 |
1 |
|
|a требования
|
| 610 |
1 |
|
|a узлы
|
| 610 |
1 |
|
|a марковские сети
|
| 675 |
|
|
|a 519.872
|v 3
|
| 801 |
|
1 |
|a RU
|b 63413507
|c 20120210
|
| 801 |
|
2 |
|a RU
|b 63413507
|c 20150506
|g RCR
|
| 942 |
|
|
|c BK
|
| 959 |
|
|
|a 22/20120210
|d 2
|e 342,87
|f ЧЗТЛ:1
|f АНЛ:1
|